MDQL
is popping MORE tags! Check the
thread
!
Quizzes
Events
Quiz Creation
Community
Videos
Private Events
Remove Ads
Sign In
Join for FREE
Feedback
Dark Mode
Quiz Categories
Sports
Geography
Music
Movies
Television
Just For Fun
Miscellaneous
History
Literature
Language
Science
Gaming
Entertainment
Religion
Holiday
For Kids
Quiz Lab
Recent
Popular Today
Quiz Kudos Today
Editor Picks
Curator Picks
Quizzes by...
Day
Popularity
Type
Ratings
Length
Year
Community
Subscriptions
Recent Discussions
Orange Saloon
Badges
Playlists
Quests
Create
Leaderboards
Showdown
Live 5
Trivia Bingo
Activity
Puzzle Library
Sporcle Events
Private Events
Virtual Trivia
Globe League
Become a Host
Pub Owners
SporcleCon
Opinionation
Our Games
Videos
Blog
Mobile Apps
Partnerships
Remove Ads and Go Orange
Feedback
Geography
Country
Landmarks
City
State
Population
World
Capital
Continent
Flags
Europe
Africa
Asia
South America
North America
Oceania
Border
Canada
United Kingdom
Topography
United States
Geography
Country
Landmarks
City
State
Population
World
Capital
Continent
Flags
Europe
Africa
Asia
South America
North America
Oceania
Border
Canada
United Kingdom
Topography
United States
Random Quiz
Search Sporcle
×
Quiz Lab
Quiz Lab
Geography
North America
Type in answers that appear in a list
Type in answers that appear in a list
Classic
Best Score? Go Orange.
Dependencies of North America Stats
Can you name the Dependencies of North America
By
edding
10m
18 Questions
94 Plays
94 Plays
94 Plays
Comments
Comments
Give Quiz Kudos
Give Quiz Kudos
-
- Ratings
hide this ad
Replay
Link that replays current quiz
Next Quiz
Link to next quiz in quiz playlist
You Got
0%
They Got
Avg Score
68%
Avg Friend Score
Upgrade to see
Score Distribution
Jump to the score distribution portion of the page
Score
0/18
Timer
10:00
0
Plays Today
Hint
Answer
% Correct
United States of America
Puerto Rico
94.7%
Kingdom of the Netherlands
Aruba
88.3%
United Kingdom of Great Britain and Northern Ireland
Bermuda
85.1%
French Republc
Martinique
80.9%
United States of America
United Stated Virgin Islands
79.8%
Kingdom of the Netherlands
Curacao
77.7%
United Kingdom of Great Britain and Northern Ireland
Cayman Islands
77.7%
United Kingdom of Great Britain and Northern Ireland
British Virgin Islands
77.7%
French Republic
Guadeloupe
73.4%
Hint
Answer
% Correct
Kingdom of Denmark
Greenland
72.3%
Kingdom of the Netherlands
St. Maarten
70.2%
French Republic
St. Martin
67%
United Kingdom of Great Britain and Northern Ireland
Montserrat
66%
United Kingdom of Great Britain and Northern Ireland
Turks and Caicos Islands
63.8%
United Kingdom of Great Britain and Northern Ireland
Anguilla
62.8%
French Republic
St. Pierre and Miquelon
47.9%
French Republic
St. Barthelemy
43.6%
Kingdom of the Netherlands
Caribbean Netherlands
12.8%
Quiz Playlist
Details
Report
Send in Message
Add To Playlist
Classic:
Type in answers that appear in a list
Last Updated: Feb 16, 2017
Quiz Scoreboard
CHALLENGE
Sign Up to Join the Scoreboard
Show All
Scores
Hide
Comments
May contain spoilers
Recently Published
5x2 Blitz: Bands
by SL_Kpop136
Music
30s
Colored Red Africa Blitz
by spor1
Geography
30s
Find the 'City' Movie
by crazypaving
Movies
60s
More to Explore
Quiz From the Vault
Featured Blog Post
14 Easter Pick-up Lines to Find Eggs With
hide this ad
You Might Also Like...
Tags
North America Quiz
America
Dependency
north
Today's Top Quizzes in Geography
Browse Geography
hide this ad
Today's Top Quizzes in North America
Browse North America
Top Contributed Quizzes in Geography
1
Countries of the World - No Outlines Minefield
2
Colored Red Africa Blitz II
3
Colored Red Europe Blitz I
4
Colored Red Europe Blitz II
5
Colored Red Africa Blitz III
6
Colored Red Europe Blitz III
7
Colored Red States Blitz II
8
Country Trivia Logic Puzzle II
9
Colored Red States Blitz I
10
List All 50 US States
Explore More
Trending Topics
Marvel
Disney
NBA
Crossword
Harry Potter
Anime
Kpop
Country
Soccer
Puzzle
Song
Pokémon
NFL
The Office
WWE
hide this ad
More By:
edding
Quiz
Plays
Rating
Category
Featured
Created
European Countries by Capitals
1,277
2.25
Geography
Apr 13, 2014
Country Quiz: Azerbaijan
519
3.25
Geography
Jun 12, 2014
Top 100 Countries by Area
401
2.57
Geography
Jun 9, 2014
Name the 20 Largest European Countries
375
4.00
Geography
Jun 9, 2014
Territories and Dependencies of Europe
163
4.00
Geography
Jun 17, 2014
Go to Creator's Profile
Score Distribution
Quiz Creator Spotlight
edding
Follow
Send a Message
Quizzes Created
-
Created Quiz Play Count
-
More By This Creator
Popular Quizzes Today
1
Find the 'City' Movie
2
5x2 Blitz: Bands
3
Colored Red Africa Blitz
4
Find the US States - No Outlines Minefield
5
The Countries of the World
6
Find the US States
7
9x9 Crossword: Cartoon Network
8
US States
More Geography Quizzes
African Countries by Borders
Published
Trending Quizzes
Colored Red Europe Blitz I
Colored Red Africa Blitz II
Colored Red Europe Blitz III
Colored Red Europe Blitz II
Colored Red Africa Blitz III
Recently Updated
Champions League XIs: Real Madrid
pecheneg
Largest US Cities 1790-2010
pecheneg
Rides in Walt Disney World
pecheneg
Most Oscar Losses (Acting)
pecheneg
Beyoncé Albums
pecheneg
Leaping Animals
pecheneg
Reality TV Shows (A-Z)
bhenderson79
Rickey Henderson's Hall of Fame Teammates
pecheneg
Champions League XIs: Arsenal
pecheneg
Quick Pick: Celebrities in WWE's Hall of Fame
aduchscher
Trending Topics
Kpop
Marvel
Anime
Crossword
NBA
Harry Potter
Disney
NFL
Country
Pokémon
Song
Puzzle
WWE
Soccer
The Office
Your Account Isn't Verified!
In order to create a playlist on Sporcle, you need to verify the email address you used during registration. Go to your
Sporcle Settings
to finish the process.
Report this User
Report this user for behavior that violates our
Community Guidelines
.
Details:
Send Report
Go to the Sporcle.com Mobile Site →
Comments